Geospatial technologies for natural resources management (Record no. 15548)
[ view plain ]
| 000 -LEADER | |
|---|---|
| fixed length control field | 00464nam a22001697a 4500 |
| 003 - CONTROL NUMBER IDENTIFIER | |
| control field | OSt |
| 008 - FIXED-LENGTH DATA ELEMENTS--GENERAL INFORMATION | |
| fixed length control field | 190515b ||||| |||| 00| 0 eng d |
| 020 ## - INTERNATIONAL STANDARD BOOK NUMBER | |
| ISBN | 9789381450802 |
| 082 ## - DEWEY DECIMAL CLASSIFICATION NUMBER | |
| Classification number | 621.367 |
| Item number | SOA/GE |
| 245 ## - TITLE STATEMENT | |
| Title | Geospatial technologies for natural resources management |
| 260 ## - PUBLICATION, DISTRIBUTION, ETC. (IMPRINT) | |
| Place of publication | New Delhi |
| Name of publisher | New India Publishing Agency |
| Year of publication | 2013 |
| 300 ## - PHYSICAL DESCRIPTION | |
| Number of Pages | 472 P. |
| 700 ## - ADDED ENTRY--PERSONAL NAME | |
| Personal name | Soam, S K |
| 700 ## - ADDED ENTRY--PERSONAL NAME | |
| Personal name | Sreekanth, P D |
| 700 ## - ADDED ENTRY--PERSONAL NAME | |
| Personal name | Rao, N H |
| 942 ## - ADDED ENTRY ELEMENTS (KOHA) | |
| Koha item type | Books |
| Withdrawn status | Lost status | Damaged status | Collection code | Home library | Current library | Shelving location | Date acquired | Cost, normal purchase price | Full call number | Accession Number | Koha item type |
|---|---|---|---|---|---|---|---|---|---|---|---|
| Non-fiction | KAUAET | KAUAET | General Stacks | 15/05/2019 | 3650.00 | 621.367 SOA/GE | 25762 | Books | |||
| KAUAET | KAUAET | NAHEP-CAAST Project | 07/09/2021 | 3650.00 | 621.367 SOA/GE | 26029 | Books |
